| 000 | 00552nam a22001575i 4500 | ||
|---|---|---|---|
| 001 | 53812 | ||
| 003 | ES-MaACL | ||
| 007 | t| | ||
| 008 | 960709s1884 sp ||||1| spa d | ||
| 040 |
_aCAM _bspa _cCAM |
||
| 100 | 1 |
_aFernández Iparraguirre, Francisco. _949851 |
|
| 245 | 1 | 0 |
_aDiscurso sobre las pretendidas divisiones de la naturaleza y de la ciencia / _cescrito ... por Francisco Fernández Iparraguirre. |
| 260 |
_aMadrid : _b[s.n.], _c1884 ( _fimprenta y fundición de Manuel Tello) |
||
| 300 |
_a57 p. ; _c21 cm. |
||
| 852 |
_aES-MaACL _jT-362-F-4 |
||
| 999 |
_c53812 _d53812 |
||